| 000 | 00501nam a2200181 a 4500 | ||
|---|---|---|---|
| 005 | 20210219151509.0 | ||
| 008 | 991125s1967 mx 000 0 spa u | ||
| 035 | _aUPN01000035335 | ||
| 049 | _aSEP | ||
| 050 | 4 |
_aLB880.6 Y41 _bG3.2 |
|
| 100 | 1 | _aGamiochipi, Gloria | |
| 245 | 1 | 0 |
_aLic. Agustín Yáñez / _cGloria Gamiochipi. |
| 260 |
_aMéxico : _bSEP, _c1967. |
||
| 300 | _a20 p. | ||
| 440 | 0 |
_aBiografías de educadores mexicanos ; _v3 |
|
| 600 | 1 | 4 |
_aYAÑEZ, AGUSTIN, _d1904-1980 |
| 905 | _aLibro | ||
| 999 |
_c35335 _d35335 |
||